Escudos de Times de Futebol de Goiás - Statistics

Estatísticas Gerais
  • Esse quiz foi jogado 33 vezes
  • A pontuação média é 16 de 33
Estatísticas das Respostas
Imagem Resposta % Correto
Atlético Goianiense
100%
Goiás
100%
Vila Nova
100%
Aparecidense
88%
Anápolis
80%
Goiânia
76%
CRAC
72%
Anapolina
68%
Goianésia
68%
Centro Oeste
60%
Goiatuba
60%
Rio Verde
60%
América
56%
Grêmio Anápolis
56%
Iporá
52%
Inhumas
48%
Jaraguá
48%
Jataiense
48%
Morrinhos
48%
Trindade
48%
ABECAT
44%
Itumbiara
36%
Guanabara City
32%
Santa Helena
28%
Tupy
28%
Mineiros
20%
Evangélica
16%
Rioverdense
16%
Aparecida
12%
Bom Jesus
12%
Crixás
12%
Pires do Rio
12%
ABD
8%
Nenhum quiz correspondente encontrado
Distribuição das Pontuações
Porcentagem de Pessoas com Cada Pontuação
Percentil de Números Respondidos
Sua Pontuação Histórica
Você não jogou esse quiz